| 000 | 00664nam a2200205 a 4500 | ||
|---|---|---|---|
| 005 | 20220526063859.0 | ||
| 008 | 991125s1949 ag 000 0 spa u | ||
| 035 | _aUPN01000026355 | ||
| 049 | _aLT | ||
| 050 | 4 |
_aLB1633 M6.1 _bA4.4 1947 |
|
| 100 | 1 |
_aAlonso, Amado, _d1896-1952 _928707 |
|
| 245 | 1 | 0 |
_aGramática castellana : _bprimer curso / _cAmado Alonso, Pedro Henríquez Ureña. |
| 250 | _a7a ed. | ||
| 260 |
_aBuenos Aires : _bLosada, _c1949. |
||
| 300 | _a238 p. | ||
| 500 | _aDisponible en la Colección Medina | ||
| 650 | 4 |
_aEspañol _xEstudio y enseñanza (Secundaria) _97237 |
|
| 700 | 1 |
_aHenríquez Ureña, Pedro, _d1884-1946 _ecoaut. |
|
| 905 | _aLibro | ||
| 999 |
_c26355 _d26355 |
||